000 00336nam a22001457a 4500
008 210426b ||||| |||| 00| 0 eng d
020 _a9788180692017
041 _aeng
080 _a572
082 _a572
100 _a24
101 _aANT
245 _aAnthropology New Global Order and Other Essays
_cMisra,K.K
942 _2udc
_cBK
999 _c56746
_d56746